01914nam a2200265Ia 4500008004100000040001800041041000800059245005900067260006200126300003300188500042900221508014400650511013200794546028600926586011701212650002501329650002001354650005601374650001501430650003201445700003401477710002201511765002601533856008901559130821s1934 xxua gs spa  aCo-BoUCMbspa00aspa10aSucedió una nochec[DVD]c[dirigida por] Frank Capra aWashington D.C. (Estados Unidos)bColumbia Picturesc1934 a1 DVD (105 min. )bson., byn aSINOPSIS : Una joven y caprichosa heredera, Ellie Andrews, se escapa del yate de su padre, quien la ha encerrado para evitar que se case con un hombre que él desaprueba, y coge un autobús rumbo a Nueva York. Uno de los pasajeros resulta se Peter Warne, un vivaz y atractivo reportero, deseoso de una buena historia. El azar y las circunstancias unirán a Ellie y a Peter en un particular, accidentado y divertido viaje. aDirector, Frank Capra; guión, Robert Riskin (Historia: Samuel Hopkins Adams); música, Louis Silvers; fotografía, Joseph Walker (B&N). aClark Gable, Claudette Colbert, Walter Connolly, Roscoe Karns, Jameson Thomas, Ward Bond, Eddy Chandler, Arthur Hoyt, Alan Hale aAudio en Español, Inglés, Francés, Alemán e Italiano. Subtítulos en Español, Inglés, Francés, Alemán, Polaco, Checo, Húngaro, Hibdú, Turco, Danés, Arabe, Búlgaro, Sueco, Finlandés, Islandés, Holandés, Noruego, Portugués, Griego, Hebreo e Italiano. aPremio Oscar de la Academia, 1934: Mejor Película, Mejor Actor, Mejor Actríz, Mejor Director, Mejor Guión.04aAmor en el cinevDVD04aEntretenimiento04aPelículas cinematográficaszEstados UnidosvDVD04aPeriodismo04aPeriodistas en el cinevDVD1 aCapra, Frankd1897-1991edir.2 aColumbia Pictures tIt happened one night04uhttp://www.youtube.com/watch?v=ALmnUBqbhuozSiga este vínculo para ver el trailer.